000 00915nac a22002777a 4500
001 BR9700804
003 BR-BrBNA
005 20240105121846.0
008 230509b bl.|||m| |||| 00| 0 por d
040 _aBR-BrBNA
_bpor
_cBiblioteca Nacional de Agricultura
072 _aF08; H10
090 _a0150 BR9700804
100 1 _aLima, M.B.
110 1 _aCentro de Pesquisa Agroflorestal de Roraima, Boa Vista (Brasil)
_91534
245 1 _aNematoides associados a diferentes culturas em regiao da mata de Roraima
260 3 _aBoa Vista, RR (Brasil):
_c1994.
300 _a2 p.
490 _aPesquisa em Andamento - Centro de Pesquisa Agroflorestal de Roraima (Brazil)
_vno. 3
_xISSN 0101-8639
650 _aArroz
650 _aConsorciacao de Cultura
650 _aNematoide
650 _aPraga de Planta
650 _aRoraima
909 _a202312
_bLúcia Elande
_c55
_dLúcia Elande
942 _2AGRIS
_n0
_cMS
999 _c287875
_d287875